Flemish paintings /
Descripción Física:
22 pàg. : 10 làmines col. ; 31 cm
Colección:
The Faber Gallery
Otros Autores:
Bodkin, Thomas, 1887-1961
Materias:
Fons Joan Junyer i Pascual (1909-1994)
; Pintura flamenca
; Pintura flamenca -- Catàlegs
; Fulletons
Idioma:
English
MARC
| LEADER | 00000nam a22000007a 4500 | ||
|---|---|---|---|
| 001 | 24797 | ||
| 003 | AGDB | ||
| 005 | 20260324181536.0 | ||
| 008 | 251014b -uk||||| |||| 00| 0 eng d | ||
| 041 | |a eng | ||
| 245 | |a Flemish paintings / |c with an introduction and notes by Thomas Bodkin | ||
| 260 | |a London : |b Faber and Faber , |c 1945 | ||
| 300 | |a 22 pàg. : |b 10 làmines col. ; |c 31 cm | ||
| 500 | |a Prové del fons Joan Junyer i Pascual (1909-1994) | ||
| 500 | |a Introducció i notes de Thomas Bodkin | ||
| 650 | |a Fons Joan Junyer i Pascual (1909-1994) |9 72777 | ||
| 650 | 0 | |a Pintura flamenca |9 72477 | |
| 650 | 0 | |a Pintura flamenca |9 72477 |v Catàlegs | |
| 655 | 0 | |a Fulletons |9 55858 | |
| 700 | |a Bodkin, Thomas, |d 1887-1961 |9 72476 | ||
| 710 | |a Faber Gallery (Londres, Anglaterra) |9 72478 | ||
| 830 | |a The Faber Gallery |9 72618 | ||
| 942 | |2 udc |c ARXIU |n 1 | ||
| 952 | |0 0 |1 0 |4 0 |6 F50461 |7 1 |9 98456 |a Arxiu |b Arxiu |d 2025-10-14 |l 0 |o F-504-61 |p 24797 |r 2025-10-14 12:52:47 |w 2025-10-14 |y ARXIU | ||
| 952 | |0 0 |1 0 |4 0 |6 F50482 |7 1 |9 98479 |a Arxiu |b Arxiu |d 2025-10-15 |l 0 |o F-504-82 |p 24866 |r 2025-10-15 13:24:55 |w 2025-10-15 |y ARXIU | ||
| 999 | |c 130210 |d 130210 | ||